000 00902nas a2200289 4500
001 BR2011005958
003 BR-BrBNA
005 20231205115147.0
007 ta
008 230509b bl.|||p| |||| 00| 00por d
040 _aBR-BrBNA
_bpor
_cBiblioteca Nacional de Agricultura
041 _a(En)
072 _aL02
100 1 _aBruno, L.D.G.
100 1 _aMaiorka, A.
100 1 _aMacari, M.
100 1 _aFurlan, R.L.
100 1 _aGivisiez, P.E.N.
245 1 _aWater intake behavior of broiler chickens exposed to heat stress and drinking from bell or and nipple drinkers
650 _aFRANGO DE CORTE
650 _aABSORÇÃO DE AGUA
650 _aTEMPERATUR4A
650 _aSTRESS
773 0 _tBrazilian Journal of Poultry Science (Brazil)
_xISSN 1516-635X
_g(Apr-Jun 2011), v. 13(2) p. 147-152
_wBR2011005958
909 _a202311
_bLúcia
_c55
_dLúcia Elande
942 _2AGRIS
_n0
_cANA
999 _c212377
_d212377